000 00659nam a2200157 a 4500
005 20140414132111.0
008 110513s19uu xx 00 eng d
050 _aTR
_bW56 2003
100 _aSpelman, Cornelia.
245 _aWhen I feel good about myself /
_cby Cornelia Maude Spelman ; illustrated by Kathy Parkinson.
260 _aNEW YORK :
_bScholastic ,
_c2003.
520 _aA young guinea pig explains that self-confidence comes from learning new things without being afraid of making mistakes and to remember that everyone has different qualities that make them lovable.
650 _aSelf-confidence
650 _aIndividuality
999 _c114747
_d114747